| 000 | 00768nam a2200205Ii 4500 | ||
|---|---|---|---|
| 003 | JO-AjNU | ||
| 008 | 230605s9999||||xx |||||||||||||| ||und|| | ||
| 017 | _a1971/2750 | ||
| 040 |
_aJO-AjNU _bara _erda _cJO-AjNU |
||
| 041 | _aara | ||
| 050 | 1 | 4 | _aBP75.2.M866 1971 |
| 100 | 3 |
_aالحسيني، محمود أبو الفيض المنوفي, _eauthor _912910 |
|
| 245 | 0 | 0 | _aسيرة سيد المرسلين صاحب الشريعة الإسلامية ورسول الله النبي محمد، ج2 |
| 264 | 3 | 1 | _aالقاهرة: دار نهضة مصر للطبع والنشر، 1971 |
| 300 | _aج2، 192ص | ||
| 336 |
_atext _btxt _2rdacontent |
||
| 337 |
_aunmediated _bn _2rdamedia |
||
| 338 |
_avolume _bnc _2rdacarrier |
||
| 650 | 4 |
_aالسيرة النبوية _912911 |
|
| 999 |
_aA3076 _c6644 _d6644 |
||